Recruiting employees (Record no. 481060)

MARC details
000 -LEADER
fixed length control field 01496cam a2200361 a 4500
001 - CONTROL NUMBER
control field EDZ0000085523
003 - CONTROL NUMBER IDENTIFIER
control field StDuBDS
005 - DATE AND TIME OF LATEST TRANSACTION
control field 20161031105158.0
006 - FIXED-LENGTH DATA ELEMENTS--ADDITIONAL MATERIAL CHARACTERISTICS--GENERAL INFORMATION
fixed length control field m||||||||d||||||||
007 - PHYSICAL DESCRIPTION FIXED FIELD--GENERAL INFORMATION
fixed length control field cr |||||||||||
008 - FIXED-LENGTH DATA ELEMENTS--GENERAL INFORMATION
fixed length control field 120521s1998 cau fo| 001|0|eng|d
020 ## - INTERNATIONAL STANDARD BOOK NUMBER
International Standard Book Number 9781452243351 (ebook) :
Terms of availability No price
040 ## - CATALOGING SOURCE
Original cataloging agency StDuBDS
Language of cataloging eng
Transcribing agency StDuBDS
Description conventions pn
049 ## - LOCAL HOLDINGS (OCLC)
Holding library Alfaisal Main Library
050 #4 - LIBRARY OF CONGRESS CALL NUMBER
Classification number HF5549.5.R44
082 04 - DEWEY DECIMAL CLASSIFICATION NUMBER
Classification number 658.3111
Edition number 23
100 1# - MAIN ENTRY--PERSONAL NAME
Personal name Barber, Alison E.
245 10 - TITLE STATEMENT
Title Recruiting employees
Medium [electronic resource] :
Remainder of title individual and organizational perspectives /
Statement of responsibility, etc Alison E. Barber.
260 ## - PUBLICATION, DISTRIBUTION, ETC. (IMPRINT)
Place of publication, distribution, etc Thousand Oaks, Calif. ;
-- London :
Name of publisher, distributor, etc SAGE,
Date of publication, distribution, etc 1998.
300 ## - PHYSICAL DESCRIPTION
Extent 1 online resource (xi, 172 p.).
490 1# - SERIES STATEMENT
Series statement Foundations for organizational science
520 8# - SUMMARY, ETC.
Summary, etc This book describes the present state of knowledge about the processes by which organizations recruit new members. It discusses the three stages of recruitment and whether and how recruitment influences organizational outcomes.
521 ## - TARGET AUDIENCE NOTE
Target audience note Specialized.
588 ## -
-- Description based on print version record.
504 ## - BIBLIOGRAPHY, ETC. NOTE
Bibliography, etc Includes bibliographical references and index.
650 #0 - SUBJECT ADDED ENTRY--TOPICAL TERM
Topical term or geographic name as entry element Employees
General subdivision Recruiting.
655 #7 - INDEX TERM--GENRE/FORM
Genre/form data or focus term Electronic books.
Source of term local
710 2# - ADDED ENTRY--CORPORATE NAME
Corporate name or jurisdiction name as entry element Sage eBooks
776 08 - ADDITIONAL PHYSICAL FORM ENTRY
Display text Print version :
International Standard Book Number 9780761909439
830 #0 - SERIES ADDED ENTRY--UNIFORM TITLE
Uniform title Foundations for organizational science.
856 40 - ELECTRONIC LOCATION AND ACCESS
Uniform Resource Identifier <a href="http://ezproxy.alfaisal.edu/login?url=http://sk.sagepub.com/books/recruiting-employees">http://ezproxy.alfaisal.edu/login?url=http://sk.sagepub.com/books/recruiting-employees</a>
942 ## - ADDED ENTRY ELEMENTS (KOHA)
Source of classification or shelving scheme Library of Congress Classification
Koha item type eBooks

No items available.

Copyright © 2020 Alfaisal University Library. All Rights Reserved.
Tel: +966 11 2158948 Fax: +966 11 2157910 Email:
librarian@alfaisal.edu